000 00808nam a22002777a 4500
001 BR0201196
003 BR-BrBNA
005 20230928100958.0
007 ta
008 230509b bl.||||| |||| 00| 0 por d
040 _aBR-BrBNA
_bpor
_cBiblioteca Nacional de Agricultura
041 _a(Por)
072 _aE71; D50
090 _ E71 BR0201196
110 1 _aAssociacao Brasileira dos Executivos de Comercio Exterior, Sao Paulo, SP (Brasil)
_9363
110 1 _aEmbaixada do Brasil em Washington (USA)
245 1 _aManual do exportador para o SGP (Estados Unidos)
260 3 _aSao Paulo, SP (Brasil):
_c2001.
300 _a92 p.
650 _aComercio Exterior
650 _aLegislacao
650 _aRegulamentacao
650 _aTarifa
909 _a202309
_bLucia
_c55
_dLucia Elande
942 _cBK
999 _c63692
_d63692